Statistics for Easy General Knowledge #3

Click here to take the quiz!

General Stats

  • This quiz has been taken 118,093 times
  • The average score is 17 of 20

Answer Stats

QuestionAnswer% Correct
What are the two biggest countries in the world by area?Russia
99%
What is H2O better known as?Water
99%
Who was the first person to walk on the moon?Neil Armstrong
93%
What household object do witches use to fly?Broom
92%
What Microsoft co-founder has often topped the list of world's richest people?Bill Gates
91%
What are the two biggest countries in the world by area?Canada
91%
What comic book company introduced Spiderman, Captain America, and the X-Men?Marvel
89%
And what country is that city located in?Brazil
88%
What is the official language of the Netherlands?Dutch
88%
What political party controlled Germany during World War II?Nazi Party
87%
Fill in the blank in the name of this major city.{Rio} de Janeiro
87%
What movie did Timon and Pumbaa appear in?The Lion King
87%
What vegetable is big, purple, and used to make baba ghanoush?Eggplant
85%
What major city is served by Heathrow airport?London
82%
What was the name of the egg who sat on a wall and had a great fall?Humpty Dumpty
80%
What is the most populous city in Turkey?Istanbul
80%
What first name was used by at least 18 different French kings?Louis
76%
Who floated like a butterfly and stung like a bee?Muhammad Ali
66%
What musical instrument did Miles Davis and Dizzy Gillespie play?Trumpet
62%
What TV character had pointy ears, was extremely logical, and said "live long and prosper"?Spock
59%

Score Distribution

Percentile by Number Answered

Percent of People with Each Score

Your Score History

You have not taken this quiz